000 00647nam a2200229Ia 4500
003 OSt
005 20221007071106.0
006 a|||||r|||| 00| 0
007 ta
008 221006b |||||||| |||| 00| 0 eng d
024 _a21,388
037 _cTextual
040 _aFLL
_cFLL
_beng
041 _2eng
_aeng
082 _aZ2:121, G7
100 _aAiyar S. Krishnamurthi
245 0 _aLaw & practice relating to marriages in India & Burma
260 _aLahore
_bThe University Book Agency Pakistan
_c1937
300 _aiv, 363p
_ccm.
942 _hZ2:121, G7
_cTEXL
_2CC
999 _c1142424
_d1142424